000 00297nam a22001457a 4500
020 _a9788171640126
041 _aENG
100 _aMehra R.K
245 _aTextbook Of Soil Science
250 _aSeventh
260 _aNew Delhi
_bICAR
_c2011
300 _a489
650 _aSWCE
856 _uSWCE
999 _c194
_d194